Statistiques concernant Personnage Desperate Housewives

Cliquez ici pour prendre le quiz!

Statistiques générales

  • Ce quiz a été pris 844 fois
  • Le résultat moyen est 33 sur 65

Statistiques - réponses

IndieReponse% Correct
RecurrentSusan
98%
RecurrentBree
97%
RecurrentGabrielle
97%
RecurrentKarl
96%
RecurrentLynette
96%
RecurrentMike
95%
RecurrentTom
92%
RecurrentCarlos
89%
RecurrentJulie
88%
RecurrentEddie
87%
RecurrentPreston
84%
SecondaireJuanita
83%
RecurrentPorter
82%
SecondaireRex
82%
RecurrentOrson
81%
RecurrentAndrew
79%
RecurrentPenny
79%
RecurrentCelia
77%
RecurrentParker
77%
RecurrentDanielle
76%
RecurrentMary Alice
76%
RecurrentMJ
73%
RecurrentPaul
70%
RecurrentKaren
68%
RecurrentKatherine
68%
SecondaireRenee
62%
RecurrentEdie
56%
SecondairePaige
54%
SecondaireZach
54%
SecondaireDave
51%
RecurrentLee
51%
SecondaireAngie
50%
RecurrentBob
49%
SecondaireJohn
47%
SecondaireBetty
45%
SecondaireGeorge
41%
SecondaireBen
40%
RecurrentMartha
36%
RecurrentFelicia
35%
SecondaireKayla
33%
SecondaireMatthew
33%
SecondaireNick
33%
SecondaireAna
32%
SecondaireCaleb
32%
SecondaireIda
26%
SecondaireRoy
26%
SecondaireChuck
25%
SecondaireAdam
24%
SecondaireKeith
24%
SecondaireBeth
23%
SecondaireVictor
21%
SecondaireBenjamin
20%
SecondaireJackson
20%
SecondaireIan
19%
SecondaireSophie
17%
SecondaireAlejandro
16%
SecondaireTrip
16%
SecondaireGrace
15%
SecondaireAustin
14%
SecondaireGloria
13%
SecondaireJane
13%
SecondaireCarmen
7%
SecondaireMona
7%
SecondaireXiao Mei
7%
SecondaireHector
6%

Distribution des résultats

Percentile par nombre de réponses

% des personnes avec chaque résultat

Votre développement - résultats

Vous n’avez pas pris ce quiz